Empire Timeline Quiz - Statistics

General Stats
  • This quiz has been taken 1,572 times
  • The average score is 6 of 11
Answers on the Map
Answers color-coded by a green-red scale on the quiz's map according to % correct below.
 
Answer Stats
Dates Empire % Correct
1299-1922 CE Ottoman Empire
85%
1583-1997 CE British Empire
84%
395-1453 CE Byzantine Empire
72%
1721-1917 CE Russian Empire
72%
1206-1368 CE Mongol Empire
68%
1644-1912 CE Qing Dynasty
63%
962-1806 CE Holy Roman Empire
61%
1415-1999 CE Portuguese Empire
56%
1526-1857 CE Mughal Empire
28%
750-1258 CE Abbasid Caliphate
25%
1230-1670 CE Mali Empire
12%
No matching quizzes found
Score Distribution
Percent of People with Each Score
Percentile by Number Answered
Your Score History
You have not taken this quiz